00565nam a2200193Ia 4500008004100000020001500041050000800056050001500064100002800079245005300107245005600160245003100216260002400247260000900271300001500280300001200295300001100307650005300318160319s9999 xx 000 0 und d a9710829874 a920 bD321f 1967 aDe Guzman, Mario Odulio 4aThe Filipino heroes=ang mga bayaning Pilipino :  bwith pictures, written in Tagalog and in English /  cby Maria Odulio de Guzman. bNational Bookstore. c2002 a 171 p. :  bill. ;  c18 cm. aBiography -- Heroes and heroines -- Philippines.